000 01477nam0a2200349 4500
001 RU\NLR\bibl\60493
005 20250616091348.0
010 _a5-88451-080-2
_9500
021 _aRU
_b99-36538
_91800
035 _a(NLR Aleph) 000059008
090 _a320429
_c320429
100 _a19991124d1999 |||y0rusy50 ca
101 1 _arus
102 _aRU
105 _aa |||||||||
200 1 _aКраткая история СДПГ. 1848-1990
_fСюзанна Миллер, Хайнрих Поттхофф
_gРос. акад. наук, Ин-т науч. информ. по обществ. наукам
210 _aМ.
_cПамятники ист. мысли
_d1999
215 _a338,[2] с.
_cил., портр.
_d22
320 _aБиблиогр. в конце гл.
601 0 2 _aСоциал-демократическая партия Германии
_xИстория
_91124880
_3RU\NLR\auth\66126514
601 0 2 _aСоциал-демократическая партия Германии (ФРГ)
_xИстория
_91668995
_3RU\NLR\auth\661038893
601 0 2 _aСоциалдемократическая партия Германии
_cФРГ
_2psbo
_7ca
686 _aФ69(4Г)21
686 _aФ69(4Ф)21
700 1 _aМиллер
_bС.
_gСюзанна
_4070
701 1 _aПоттхофф
_bХ.
_gХайнрих
_4070
801 0 _aRU
_bNLR
_c19991124
_gPSBO
801 1 _aRU
_bNLR
_c19991124
852 _aNLR
_j99-5/3805
942 _cBOOK
980 _aNB